Tecnología de la congelación de los alimentos

Furkejuvvon:
Bibliográfalaš dieđut
Váldodahkkit: Gruda, Zbigniew (Dahkki), Postolski, Jacek (Dahkki)
Materiálatiipa: Girji
Giella:espánnjágiella
Almmustuhtton: Zaragoza Acribia 1981
Fáttát:
Fáddágilkorat: Lasit fáddágilkoriid
Eai fáddágilkorat, Lasit vuosttaš fáddágilkora!

MARC

LEADER 00000nam a2200000 a 4500
001 UCV3617
003 CL-VaPUC
008 880905e19810000SP |||||||||||||||||spa|d
082 0 4 |a 641.453  |b GRU  |2 21 
100 0 |a Gruda, Zbigniew  |e author  |9 297866 
700 0 |a Postolski, Jacek  |e author  |9 297867 
245 1 0 |a Tecnología de la congelación de los alimentos 
300 |a 632 p 
942 |c BK 
945 |d 19880905 00:00:00 
260 |a Zaragoza  |b Acribia  |c 1981 
650 0 |a Alimentos congelados  |9 259336 
650 0 |a Conservación de los alimentos  |9 259337 
583 |a last modification  |c 19880905 00:00:00  |k Rodrigo Vera 
999 |c 210768  |d 210766 
952 |0 0  |1 0  |4 0  |6 641_453000000000000_GRU_1981  |7 0  |8 A  |9 187275  |a BIBALI  |b BIBALI  |c RES  |d 2019-11-14  |i 2549859  |l 3  |o 641.453 GRU 1981  |p 2549859  |r 2025-01-20  |s 2021-12-16  |w 2019-11-14  |y BK_R  |k ALI 
952 |0 0  |1 0  |4 0  |6 641_453000000000000_GRU_1981  |7 0  |8 A  |9 187276  |a BIBING  |b BIBING  |d 2019-11-14  |i 3145603  |o 641.453 GRU 1981  |p 3145603  |r 2025-01-20  |w 2019-11-14  |y BK  |k EIB